|
|
|
|
| LEADER |
00000nam a22000007a 4500 |
| 005 |
20220214234338.0 |
| 007 |
cr|||| |||| |
| 008 |
220214s2016 co |||||s|||| 00||0 spa d |
| 020 |
|
|
|a 978-958-771-486-9
|
| 035 |
|
|
|a 35816
|
| 040 |
|
|
|a vLex
|
| 090 |
|
|
|c 12999
|d 12999
|
| 100 |
1 |
|
|a Mendoza, Yohana
|
| 245 |
1 |
0 |
|a 3 claves de x̌ito de la familia empresaria
|h [Recurso electrn̤ico] /
|c Yohana Mendoza
|
| 256 |
|
|
|a Servicio en ln̕ea
|
| 260 |
|
|
|a Bogot:̀
|b ECOE,
|c 2016
|
| 300 |
|
|
|a 1 recurso electrn̤ico
|
| 506 |
1 |
|
|a Disponible solo en los productos indicados
|d vLex Global
|d vLex Global (Academic Edition, excluding Law Schools)
|d vLex Global (U.S. Academic Edition, Law Schools)
|d vLex Global (U.S. Academic Edition, excluding Law Schools)
|d vLex Global (Academic Edition, Law Schools)
|
| 650 |
0 |
4 |
|a Administracin̤ (Management)
|z Colombia
|
| 740 |
0 |
|
|a vLex Libros (Servicio en ln̕ea)
|
| 856 |
|
|
|u https://app.vlex.com/#/sources/35816
|z Acceso restringido
|
| 942 |
|
|
|c BOOK
|
| 999 |
0 |
|
|a Management
|